000
00223nam a22000857a 4500
008
170603b xxu||||| |||| 00| 0 eng d
100
_9
3263
_a
Estes. R
245
_a
Return to Brookmere
260
_a
New Delhi
_b
Capital Creation
_c
1982
999
_c
6577
_d
6577